00446nam a2200169Ia 4500003000400000005001700004008004100021020001500062040000900077082001500086100001100101245006500112250001200177260005700189300000900246650002100255OSt20201006131100.0190216s9999||||xx |||||||||||||| ||und|| a8122408524 coclc a004bRAM/C aRam, B 0aComputer Fundamentals Architecture And Organization /cB Ram a2nd Ed. bNew Age International Publishers,c1999.aNew Delhi: a477p aComputer Science